|
|
|
|
| LEADER |
01943nam a22004097a 4500 |
| 001 |
33371 |
| 003 |
BD-DhAAL |
| 005 |
20250624123126.0 |
| 008 |
180714t1998 bg a|||| b||| 00| 0 eng d |
| 020 |
|
|
|a 9844940079
|
| 020 |
|
|
|a 9789844940079
|
| 040 |
|
|
|a BD-DhAAL
|d BD-DhAAL
|
| 082 |
|
|
|a 333.75095492
|
| 245 |
|
|
|a Bangladesh, land, forest, and forest people /
|c Kibriaul Khaleque ... [et al.] ; editor, Philip Gain.
|
| 250 |
|
|
|a First edition.
|
| 260 |
|
|
|a Dhaka, Bangladesh :
|b Society for Environment and Human Development (SEHD),
|c 1998.
|
| 300 |
|
|
|a xii, 186 pages : :
|b illustrations, map ;
|c 21 cm.
|
| 504 |
|
|
|a Includes bibliographical references.
|
| 526 |
|
|
|a ARC
|
| 541 |
|
|
|a Department of Architecture
|e 33371
|
| 650 |
|
|
|a Land use
|z Bangladesh.
|9 27285
|
| 650 |
|
|
|a Indigenous peoples
|z Bangladesh
|x Cross-cultural studies.
|9 27286
|
| 650 |
|
|
|a Forests and forestry
|x Social aspects
|z Bangladesh.
|9 27287
|
| 700 |
|
|
|a Khaleque, Kibriaul.
|9 27288
|
| 700 |
|
|
|a Gain, Philip.
|9 27289
|
| 700 |
|
|
|a Roy, Raja Devasish.
|9 27290
|
| 700 |
|
|
|a Farooque, Mohiuddin.
|9 27291
|
| 700 |
|
|
|a Chakma, Kobita.
|9 27292
|
| 700 |
|
|
|a Hill, Glen.
|9 27293
|
| 700 |
|
|
|a Gomes, Father Stephen.
|9 27294
|
| 700 |
|
|
|a Rahman, Mizanur.
|9 27295
|
| 700 |
|
|
|a Dsouza, Brother Jarlath.
|9 27296
|
| 852 |
|
|
|a Department of Architecture
|c General Stacks
|
| 942 |
|
|
|2 ddc
|c BK
|
| 999 |
|
|
|c 39753
|d 39753
|
| 952 |
|
|
|0 0
|1 1
|2 ddc
|4 0
|6 333_750954920000000_BAN
|7 0
|9 63781
|a ARC
|b ARC
|c GEN
|d 2018-07-14
|e Department of Architecture
|l 0
|o 333.75095492 BAN
|p 3010033371
|r 2018-07-14
|t 1
|w 2018-07-14
|y BK
|x lost from the ARC department library and approved by the Dean (reasons personal books withdrawn by Hasibul Kabir Sir and Building shifting)
|
| 952 |
|
|
|0 0
|1 0
|2 ddc
|4 0
|6 333_750954920000000_BAN
|7 0
|9 66438
|a BRACUL
|b BRACUL
|c GEN
|d 2019-09-22
|e Complimentary copy from BIED
|l 0
|o 333.75095492 BAN
|p 3010035686
|r 2019-09-22
|t 2
|w 2019-09-22
|y BK
|x Transferred from BIED to General Stacks
|